000 00322nam a2200133Ia 4500
008 240624s9999 xx 000 0 und d
041 _aeng
082 _a519.5 PIC
100 _aPICKUP MARK
245 _aINTRODUCTION TO TIME SERIES ANALYSIS VOL
260 _c2015
_aNew Delhi
_bSage
300 _a232 p.
365 _c
_b32
999 _c30246
_d30246